[Event "Florianopolis op 6th"]
[Site "Florianopolis"]
[Date "2020.01.23"]
[Round "6"]
[White "Kojima, Rodrigo Yosuke"]
[Black "De Carvalho, Amauri"]
[Result "1-0"]
[WhiteElo "1513"]
[BlackElo "1144"]
[PlyCount "101"]
[EventDate "2020.01.20"]
[EventType "swiss"]
[EventRounds "10"]
[EventCountry "BRA"]
[SourceTitle "CBM 194 Extra"]
[Source "ChessBase"]
[SourceDate "2020.03.31"]
[SourceVersion "1"]
[SourceVersionDate "2020.03.31"]
[SourceQuality "1"]

1. d4 d5 2. Nf3 Nf6 3. Bf4 c6 4. e3 Bg4 5. Be2 Nbd7 6. h3 Bh5 7. Nbd2 e6 8. 0-0 Bxf3 9. Nxf3 Nb6 10. Ne5 Be7 11. c4 dxc4 12. Bxc4 Nbd5 13. Bh2 0-0 14. a3 a5 15. Qb3 Qc8 16. Bxd5 Nxd5 17. Rac1 a4 18. Qc2 f6 19. Nd3 Rd8 20. Rfd1 Bd6 21. Bxd6 Rxd6 22. Nc5 b5 23. Ne4 Rd8 24. Qxc6 Qxc6 25. Rxc6 e5 26. dxe5 fxe5 27. Rc5 Nf6 28. Rxd8+ Rxd8 29. Nxf6+ gxf6 30. Rxb5 Rd1+ 31. Kh2 Rd2 32. Kg3 Kg7 33. Rb4 Kg6 34. Rxa4 Rxb2 35. Ra6 h5 36. h4 Kf5 37. f3 Re2 38. e4+ Kg6 39. Ra7 Rd2 40. a4 Rd6 41. a5 f5 42. exf5+ Kxf5 43. a6 Kf6 44. Kh3 Rd3 45. Kh2 Rd4 46. Kg3 Ra4 47. Ra8 Kg7 48. a7 Kf7 49. Rh8 Kg7 50. a8Q Rxa8 51. Rxa8 1-0

[Event "Sao Paulo-chT1"]
[Site "Sao Paulo"]
[Date "2019.03.09"]
[Round "5.3"]
[White "Kojima, Rodrigo Yosuke"]
[Black "Dos Reis, Leandro Aparecido C"]
[Result "0-1"]
[WhiteElo "1522"]
[BlackElo "2007"]
[PlyCount "110"]
[EventDate "2019.02.23"]
[EventType "team-tourn"]
[EventRounds "7"]
[EventCountry "BRA"]
[SourceTitle "EXT 2021"]
[Source "ChessBase"]
[SourceDate "2020.10.23"]
[SourceVersion "1"]
[SourceVersionDate "2020.10.23"]
[SourceQuality "1"]
[WhiteTeam "ATC"]
[BlackTeam "Caetano CDRSJ"]
[WhiteTeamCountry "BRA"]
[BlackTeamCountry "BRA"]

1. d4 Nf6 2. Nf3 g6 3. e3 Bg7 4. Bd3 0-0 5. 0-0 c5 6. b3 cxd4 7. exd4 d5 8. Bb2 Nc6 9. h3 Nb4 10. Be2 Bf5 11. Na3 Rc8 12. c3 Nc6 13. Nc2 a6 14. Ne3 Be6 15. c4 Na5 16. Ng5 Qd7 17. Nxe6 Qxe6 18. cxd5 Nxd5 19. Nxd5 Qxd5 20. Qd3 Rfd8 21. Rfd1 Nc6 22. Bf3 Qd7 23. Bxc6 Rxc6 24. Qe2 Re6 25. Qf3 Rd6 26. Rac1 Rd5 27. Qe2 e6 28. Qc2 Bxd4 29. Bxd4 Rxd4 30. Rxd4 Qxd4 31. Qc7 Qd7 32. Qxd7 Rxd7 33. Rc8+ Kg7 34. Rb8 Kf6 35. g3 h5 36. Kg2 Ke5 37. Rc8 Kd6 38. Rc4 b5 39. Rc2 Rc7 40. Rd2+ Kc5 41. Rc2+ Kb6 42. Rb2 a5 43. Kf3 Rd7 44. Kf4 Rd5 45. h4 Kc5 46. Ke3 Kb4 47. Ke2 Kc3 48. Rb1 Rd2+ 49. Ke3 Rxa2 50. Rc1+ Rc2 51. Ra1 Kb4 52. Kd3 Rxf2 53. Ke3 Rg2 54. Kf3 Rb2 55. Kf4 Rxb3 0-1

[Event "Sao Paulo-chT1"]
[Site "Sao Paulo"]
[Date "2019.02.24"]
[Round "3.4"]
[White "Nunes, Allan Hurba"]
[Black "Kojima, Rodrigo Yosuke"]
[Result "1/2-1/2"]
[WhiteElo "1946"]
[BlackElo "1522"]
[PlyCount "89"]
[EventDate "2019.02.23"]
[EventType "team-tourn"]
[EventRounds "7"]
[EventCountry "BRA"]
[SourceTitle "EXT 2021"]
[Source "ChessBase"]
[SourceDate "2020.10.23"]
[SourceVersion "1"]
[SourceVersionDate "2020.10.23"]
[SourceQuality "1"]
[WhiteTeam "Espaco Xadrez Total III"]
[BlackTeam "ATC"]
[WhiteTeamCountry "BRA"]
[BlackTeamCountry "BRA"]

1. d4 d5 2. Nf3 Nf6 3. c3 e6 4. Bg5 Be7 5. e3 Nbd7 6. Bd3 h6 7. Bh4 b6 8. Ne5 Nxe5 9. dxe5 Nd7 10. Bxe7 Qxe7 11. f4 Bb7 12. Qe2 a5 13. Nd2 Nc5 14. Bc2 Ba6 15. Qf3 Nd7 16. e4 c6 17. Qg3 g6 18. 0-0-0 0-0-0 19. Bd3 Bxd3 20. Qxd3 Nc5 21. Qe2 Qb7 22. g4 Rd7 23. exd5 cxd5 24. f5 Qa6 25. Qxa6+ Nxa6 26. fxe6 fxe6 27. Rhf1 Re7 28. Rf6 g5 29. Nf3 Nc5 30. Nd4 Kd7 31. b4 Ne4 32. Rf3 h5 33. gxh5 Rxh5 34. h3 Rh8 35. b5 Rg8 36. Kb2 g4 37. hxg4 Rxg4 38. Rh1 Rg2+ 39. Ka3 Nd2 40. Rf8 Nc4+ 41. Kb3 Rb2+ 42. Ka4 Rxa2+ 43. Kb3 Rb2+ 44. Ka4 Ra2+ 45. Kb3 1/2-1/2

[Event "Hebraica op 26th"]
[Site "Hebraica"]
[Date "2019.01.11"]
[Round "1"]
[White "Kojima, Rodrigo Yosuke"]
[Black "Pontes, Ailton"]
[Result "0-1"]
[WhiteElo "1412"]
[BlackElo "1878"]
[PlyCount "104"]
[EventDate "2019.01.11"]
[EventType "swiss"]
[EventRounds "6"]
[EventCountry "BRA"]
[SourceTitle "EXT 2020"]
[Source "ChessBase"]
[SourceDate "2019.10.17"]
[SourceVersion "1"]
[SourceVersionDate "2019.10.17"]
[SourceQuality "1"]

1. d4 d5 2. Nf3 Nf6 3. Bf4 c5 4. e3 Nc6 5. c3 e6 6. Bd3 Be7 7. h3 Bd7 8. Nbd2 0-0 9. 0-0 c4 10. Bc2 b5 11. Qe2 Re8 12. e4 dxe4 13. Nxe4 Nxe4 14. Qxe4 g6 15. Ne5 Nxe5 16. dxe5 Qb6 17. Be3 Qc7 18. Bd4 Bc6 19. Qg4 a5 20. f4 Qd8 21. Bf2 Qd2 22. Qd1 Qxf4 23. Bd4 Qg5 24. Qe2 Rac8 25. Qf2 Rf8 26. Be3 Qxe5 27. Bh6 Bc5 28. Bxf8 Bxf2+ 29. Rxf2 Rxf8 30. Raf1 f5 31. a3 Rd8 32. Bd1 Qe3 33. Bf3 Bxf3 34. gxf3 Rd2 35. Kg2 Qg5+ 36. Kh1 Rxf2 37. Rxf2 Qg3 38. Rh2 Qxf3+ 39. Kg1 Qg3+ 40. Kh1 e5 41. Rd2 Qxh3+ 42. Kg1 Qe3+ 43. Rf2 f4 44. Kg2 g5 45. Kf1 g4 46. Re2 Qd3 47. Ke1 e4 48. Rg2 Qb1+ 49. Ke2 Qxb2+ 50. Kf1 Qc1+ 51. Kf2 g3+ 52. Ke2 f3# 0-1

[Event "Hebraica op 25th"]
[Site "Hebraica"]
[Date "2018.01.12"]
[Round "1"]
[White "Luz, Arthur Nader"]
[Black "Kojima, Rodrigo Yosuke"]
[Result "1-0"]
[WhiteElo "2170"]
[BlackElo "1528"]
[PlyCount "63"]
[EventDate "2018.01.12"]
[EventType "swiss"]
[EventRounds "6"]
[EventCountry "BRA"]
[SourceTitle "CBM 182 Extra"]
[Source "ChessBase"]
[SourceDate "2018.02.23"]
[SourceVersion "1"]
[SourceVersionDate "2018.02.23"]
[SourceQuality "1"]

1. d4 d5 2. c4 c6 3. Nf3 Bf5 4. Nc3 Nf6 5. Qb3 Qc7 6. cxd5 cxd5 7. Nxd5 Nxd5 8. Qxd5 e6 9. Qb5+ Nd7 10. Bd2 Be4 11. Ne5 Bc6 12. Nxc6 bxc6 13. Qc4 Qb6 14. Bc3 Be7 15. g3 0-0 16. Bg2 Rac8 17. 0-0 Nf6 18. e4 h6 19. Rad1 Rfd8 20. Rfe1 Ne8 21. e5 g6 22. f4 Ng7 23. g4 h5 24. h3 Kh7 25. Be4 hxg4 26. hxg4 Rh8 27. Kg2 Kg8 28. Rh1 g5 29. Rxh8+ Kxh8 30. Qd3 f6 31. Qh3+ Kg8 32. Bg6 1-0

[Event "Sao Paulo IRT 2nd"]
[Site "Sao Paulo"]
[Date "2017.12.10"]
[Round "4.3"]
[White "Haraguchi, Matheus Sashaki"]
[Black "Kojima, Rodrigo Yosuke"]
[Result "0-1"]
[WhiteElo "1772"]
[BlackElo "1519"]
[PlyCount "70"]
[EventDate "2017.12.09"]
[EventType "swiss"]
[EventRounds "5"]
[EventCountry "BRA"]
[SourceTitle "EXT 2022"]
[Source "ChessBase"]
[SourceDate "2021.10.06"]
[SourceVersion "1"]
[SourceVersionDate "2021.10.06"]
[SourceQuality "1"]

1. c4 e6 2. Nc3 Nf6 3. g3 c6 4. Bg2 d5 5. cxd5 cxd5 6. d4 Bb4 7. Bd2 0-0 8. Nf3 Nc6 9. a3 Ba5 10. 0-0 h6 11. b4 Bc7 12. Rb1 b6 13. Re1 e5 14. dxe5 Nxe5 15. Nxe5 Bxe5 16. e3 Bf5 17. e4 Bg6 18. Rc1 d4 19. Nd5 Nxd5 20. exd5 Bf6 21. Bf4 Re8 22. Rxe8+ Qxe8 23. d6 Rc8 24. Bh3 Rxc1 25. Qxc1 Kh7 26. d7 Qd8 27. Qc8 Qe7 28. Bc7 Qe1+ 29. Kg2 Be4+ 30. f3 Bd3 31. Bf5+ Bxf5 32. Qe8 Qd2+ 33. Kg1 Bh3 34. Qe4+ g6 35. f4 Qd1+ 0-1

[Event "Sao Paulo IRT 2nd"]
[Site "Sao Paulo"]
[Date "2017.12.10"]
[Round "5.1"]
[White "Kojima, Rodrigo Yosuke"]
[Black "Hopka, Matheus Marchesi"]
[Result "0-1"]
[WhiteElo "1519"]
[BlackElo "1652"]
[PlyCount "144"]
[EventDate "2017.12.09"]
[EventType "swiss"]
[EventRounds "5"]
[EventCountry "BRA"]
[SourceTitle "EXT 2022"]
[Source "ChessBase"]
[SourceDate "2021.10.06"]
[SourceVersion "1"]
[SourceVersionDate "2021.10.06"]
[SourceQuality "1"]

1. Nf3 Nf6 2. d4 g6 3. Bf4 Bg7 4. h3 0-0 5. e3 d6 6. Nbd2 Nbd7 7. Bc4 c6 8. c3 b5 9. Bb3 Bb7 10. 0-0 c5 11. Qe2 c4 12. Bc2 Rc8 13. Bh2 Re8 14. e4 e5 15. d5 Nc5 16. Ne1 Bh6 17. f3 Nh5 18. g3 Qg5 19. g4 Nf4 20. Bxf4 Qxf4 21. Nb1 Qe3+ 22. Qxe3 Bxe3+ 23. Kg2 Bc1 24. a4 a6 25. Ra2 Ra8 26. a5 Bc8 27. Kf2 Bd7 28. Ng2 Bh6 29. Ke2 Kf8 30. h4 Ke7 31. g5 Bg7 32. Nd2 Rac8 33. Rh1 h6 34. Raa1 Rh8 35. Rag1 hxg5 36. hxg5 Nb7 37. Ra1 Ra8 38. Rxh8 Rxh8 39. Kf2 f6 40. f4 exf4 41. Nxf4 Rh2+ 42. Ke3 fxg5 43. Nxg6+ Kf7 44. e5 Rh3+ 45. Nf3 dxe5 46. Kf2 Kf6 47. Ngxe5 Bf5 48. Bxf5 Kxf5 49. Nf7 g4 50. N3g5 Rd3 51. Rf1 Rxd5 52. Kg3+ Kg6 53. Kxg4 Bf6 54. Ne4 Bg7 55. Neg5 Bh6 56. Nxh6 Rxg5+ 57. Kf4 Kxh6 58. Rh1+ Kg6 59. Ra1 Rg2 60. Ra2 Nc5 61. Ke5 Nd3+ 62. Kd4 Rxb2 63. Ra1 Rb3 64. Rg1+ Kf5 65. Rf1+ Ke6 66. Rg1 Nf4 67. Re1+ Kd6 68. Rd1 Ne6+ 69. Ke4+ Ke7 70. Rc1 Ra3 71. Kd5 Nf4+ 72. Kc5 Nd3+ 0-1

[Event "Sao Paulo IRT 2nd"]
[Site "Sao Paulo"]
[Date "2017.12.09"]
[Round "1.2"]
[White "Kojima, Rodrigo Yosuke"]
[Black "Haraguchi, Diego Sashaki"]
[Result "1/2-1/2"]
[WhiteElo "1519"]
[BlackElo "1788"]
[PlyCount "98"]
[EventDate "2017.12.09"]
[EventType "swiss"]
[EventRounds "5"]
[EventCountry "BRA"]
[SourceTitle "EXT 2022"]
[Source "ChessBase"]
[SourceDate "2021.10.06"]
[SourceVersion "1"]
[SourceVersionDate "2021.10.06"]
[SourceQuality "1"]

1. Nf3 e6 2. d4 d5 3. Bf4 c5 4. c3 Nc6 5. e3 Bd7 6. Nbd2 Nf6 7. a3 Qb6 8. Rb1 Be7 9. Be2 0-0 10. 0-0 h6 11. Ne5 Nxe5 12. Bxe5 c4 13. Nf3 Bb5 14. a4 Ba6 15. b3 Qd8 16. b4 b5 17. Ra1 Nd7 18. Bg3 Nb6 19. axb5 Bxb5 20. Ra5 a6 21. Qd2 Na4 22. Bd1 Qd7 23. Bxa4 Bxa4 24. Ra1 Bb5 25. R1a3 Bd6 26. Bxd6 Qxd6 27. Qa2 Qc6 28. Ne5 Qb6 29. Qe2 Kh7 30. Qg4 f5 31. Qg6+ Kg8 32. Qg3 g5 33. h4 g4 34. f3 h5 35. fxg4 fxg4 36. Ra2 Qb7 37. Ng6 Rf6 38. Nf4 Be8 39. Rc5 Rc8 40. Raa5 Ra8 41. Nxh5 Bxh5 42. Rc7 Qb8 43. Qe5 Rf7 44. Qg5+ Kf8 45. Qh6+ Kg8 46. Rxf7 Bxf7 47. Qg5+ Kh8 48. Qf6+ Kg8 49. Qg5+ Kh8 1/2-1/2

[Event "Sao Paulo Hebraica op 24th"]
[Site "Sao Paulo"]
[Date "2017.01.14"]
[Round "3"]
[White "Kojima, Rodrigo Yosuke"]
[Black "Gelli, Jhonatan Henrique"]
[Result "1-0"]
[WhiteElo "1467"]
[BlackElo "1258"]
[PlyCount "22"]
[EventDate "2017.01.13"]
[EventType "swiss"]
[EventRounds "6"]
[EventCountry "BRA"]
[SourceTitle "CBM 176 Extra"]
[Source "ChessBase"]
[SourceDate "2017.03.02"]
[SourceVersion "1"]
[SourceVersionDate "2017.03.02"]
[SourceQuality "1"]

1. d4 Nf6 2. Nf3 e6 3. Bf4 b6 4. h3 Bb7 5. e3 d6 6. Nbd2 Nbd7 7. Be2 Be7 8. c4 c5 9. 0-0 0-0 10. Qc2 Qc7 11. Rfd1 Rad8 1-0

[Event "Sao Paulo Hebraica op 24th"]
[Site "Sao Paulo"]
[Date "2017.01.13"]
[Round "2"]
[White "Ikejiri, Daniel Yoshito"]
[Black "Kojima, Rodrigo Yosuke"]
[Result "1-0"]
[WhiteElo "1988"]
[BlackElo "1467"]
[PlyCount "61"]
[EventDate "2017.01.13"]
[EventType "swiss"]
[EventRounds "6"]
[EventCountry "BRA"]
[SourceTitle "CBM 176 Extra"]
[Source "ChessBase"]
[SourceDate "2017.03.02"]
[SourceVersion "1"]
[SourceVersionDate "2017.03.02"]
[SourceQuality "1"]

1. d4 e6 2. Nf3 d5 3. g3 Nf6 4. Bg2 c5 5. c4 Qb6 6. 0-0 Be7 7. Nc3 Nc6 8. dxc5 Qxc5 9. cxd5 exd5 10. Be3 Qa5 11. Nd4 Nxd4 12. Bxd4 0-0 13. Qb3 Be6 14. Qxb7 Rfb8 15. Qxe7 Re8 16. Qc5 Qd8 17. Rfd1 Nd7 18. Qd6 Bg4 19. Bxd5 Rb8 20. Qf4 Be6 21. Bxe6 Rxe6 22. Ne4 Rb4 23. a3 Rc4 24. Nd6 Ne5 25. Nxc4 Nxc4 26. Bxa7 Qe8 27. Qxc4 Rxe2 28. Qxe2 Qa8 29. Qe7 Qc8 30. Rd8+ Qxd8 31. Qxd8# 1-0